000 00838nas a2200265 4500
001 BR8301599
003 BR-BrBNA
005 20231205085508.0
007 ta
008 230509b bl.|||p| |||| 00| 00por d
040 _aBR-BrBNA
_bpor
_cBiblioteca Nacional de Agricultura
041 _a(Pt)
072 _aF30
100 1 _aLeite, A.C.S.
100 1 _aBarbosa, H.M.
100 1 _aSant'Anna, R.
245 1 _aInducao de mutacao em milho (Zea mays L.)Opaco-2 por radiacao gama
_bParte de tese
246 1 _a[Induced mutation in maize (Zea mays L.)opaque-2 by gamma radiation]
_b[Part of thesis]
650 _aMILHO
650 _aMUTACAO
650 _aRAIO GAMA
773 0 _tRevista Ceres (Brazil)
_xISSN 0034-737X
_g(Jan 1983), v. 30(167) p. 1-11
_wBR8301599
909 _a202311
_bLúcia
_c55
_dLúcia Elande
942 _2AGRIS
_n0
_cANA
999 _c111796
_d111796